Statistics for Journey Songs on the Billboard Hot 100 Chart (USA)

Click here to take the quiz!

General Stats

  • This quiz has been taken 177 times
  • The average score is 10 of 25

Answer Stats

Peak Chart Position, YearAnswer% Correct
9, 1981Don't Stop Believin'
93%
12, 1983Faithfully
83%
2, 1982Open Arms
75%
23, 1980Anyway You Want It
70%
8, 1983Separate Ways (Worlds Apart)
68%
57, 1978Wheel in the Sky
67%
16, 1979Lovin', Touchin', Squeezin'
64%
68, 1978Lights
63%
4, 1981Who's Crying Now
46%
9, 1985Only the Young
41%
17, 1986Girl Can't Help It
39%
23, 1983Send Her My Love
38%
9, 1986Be Good to Yourself
31%
14, 1987I'll Be Alright Without You
30%
12, 1996When You Love a Woman
28%
23, 1983After the Fall
25%
83, 1978Anytime
25%
19, 1982Still They Ride
21%
34, 1981The Party's Over (Hopelessly in Love)
20%
58, 1979Just the Same Way
19%
32, 1980Walks Like a Lady
19%
17, 1986Suzanne
18%
60, 1987Why Can't This Night Go On Forever
17%
55, 1980Good Morning Girl / Stay A While
13%
70, 1980Too Late
9%

Score Distribution

Percentile by Number Answered

Percent of People with Each Score

Your Score History

You have not taken this quiz